Tous les cantons des Ardennes sur une carte - Statistiques

Statistiques générales
  • Ce quiz a été pris 84 fois
  • Le résultat moyen est 13 sur 19
Réponses sur la Carte
Les réponses sont colorées sur une échelle allant du rouge au vert en fonction du pourcentage des utilisateurs qui les ont devinées à leur premier essai. Vous pouvez retrouver ces pourcentages ci-dessous.
 
Statistiques - réponses
Canton % Correct
Charleville-Mézières-1
98%
Charleville-Mézières-2
98%
Charleville-Mézières-3
98%
Charleville-Mézières-4
98%
Rethel
98%
Sedan-1
98%
Sedan-2
98%
Sedan-3
98%
Givet
95%
Vouziers
91%
Rocroi
66%
Revin
61%
Signy-l'Abbaye
55%
Carignan
48%
Bogny-sur-Meuse
43%
Attigny
36%
Villers-Semeuse
25%
Château-Porcien
23%
Nouvion-sur-Meuse
14%
Aucun quiz correspondant
Distribution des résultats
% des personnes avec chaque résultat
Percentile par nombre de réponses
Votre historique - résultats
Vous n’avez pas pris ce quiz